| 000 | 00733nmc a2200253 a 4500 | ||
|---|---|---|---|
| 003 | AR-BaBNM | ||
| 005 | 20251128211620.0 | ||
| 008 | 105020s2004 ||||||||||||||000 | spa|| | ||
| 020 | _a84-7432-896-9 | ||
| 040 | _cAR-BaBNM | ||
| 100 | 1 | _aEco, Umberto | |
| 245 | 1 | 0 |
_aCómo se hace una tesis _btécnicas y procedimientos de estudio, investigación y escritura |
| 250 | _a1ª ed. | ||
| 260 |
_aBarcelona _bGedisa _c2004 |
||
| 300 | 0 | _a233 p. | |
| 490 | 0 |
_aBiblioteca de educación. Herramientas universitarias _vv. 7 |
|
| 650 | 4 | _aTESIS DE DOCTORADO | |
| 650 | 4 | _aPLANIFICACION | |
| 650 | 4 | _aESCRITURA | |
| 650 | 4 | _aBUSQUEDA DE INFORMACION | |
| 650 | 4 | _aESTUDIANTES UNIVERSITARIOS | |
| 942 | _cBK | ||
| 998 | _cme-solo cat | ||
| 999 |
_c20429 _d20429 |
||